Countries with Subway - Statistics

General Stats
  • This quiz has been taken 200 times
    190 since last reset
  • The average score is 72 of 94
Answers on the Map
Answers color-coded by a green-red scale on the quiz's map according to % correct below.
 
Answer Stats
Answer % Correct
United States
99%
France
98%
United Kingdom
98%
China
97%
Italy
97%
Mexico
97%
Portugal
97%
Spain
97%
Brazil
96%
Canada
96%
Germany
95%
India
95%
Norway
94%
Poland
94%
Russia
94%
Sweden
94%
Chile
93%
Japan
93%
Argentina
92%
Australia
92%
Finland
92%
Greece
92%
Ireland
92%
Turkey
92%
Denmark
91%
Peru
91%
Romania
91%
South Korea
91%
Belgium
90%
Saudi Arabia
90%
Austria
89%
Netherlands
89%
Indonesia
88%
Colombia
86%
Czech Republic
86%
Switzerland
86%
Pakistan
85%
South Africa
85%
Thailand
85%
United Arab Emirates
85%
Egypt
84%
New Zealand
83%
Uruguay
83%
Vietnam
83%
Bulgaria
82%
Hungary
82%
Latvia
82%
Estonia
81%
Lithuania
81%
Bolivia
80%
Iceland
80%
Panama
80%
Ecuador
78%
Malaysia
77%
Slovakia
77%
Belarus
75%
Costa Rica
75%
Dominican Republic
75%
Honduras
75%
Morocco
75%
Oman
75%
Philippines
75%
Guatemala
74%
Iraq
73%
Singapore
73%
El Salvador
71%
Nicaragua
69%
Qatar
69%
Slovenia
69%
Bahamas
66%
Jamaica
66%
Jordan
65%
Kuwait
64%
Sri Lanka
64%
Luxembourg
63%
Taiwan
61%
Bahrain
58%
Suriname
56%
Georgia
53%
Trinidad and Tobago
53%
Kenya
52%
Malta
52%
Cyprus
51%
Saint Lucia
48%
Antigua and Barbuda
47%
Barbados
47%
Tanzania
46%
Saint Vincent and the Grenadines
45%
Grenada
44%
Kosovo
44%
Liechtenstein
43%
Mauritius
28%
Djibouti
19%
Marshall Islands
12%
No matching quizzes found
Score Distribution
Percent of People with Each Score
Percentile by Number Answered
Your Score History
You have not taken this quiz since the last reset